000 00412nam a2200169Ia 4500
003 Ost
005 20260225132600.0
008 260225s9999||||xx |||||||||||||| ||und||
020 _a9961836014
040 _cfsic
041 _afre
082 _a70.4
100 _amustahpa khlifi
_eAuteur
245 0 _aalgerie reconstruire le service public de télévision /
245 0 _cmustahpa khlifi
942 _cكتاب
999 _c34732
_d34732